[Event "MVP-ch Seniors op 19th"]
[Site "Ostseebad Binz"]
[Date "2019.12.03"]
[Round "7"]
[White "Rosmann, Armin"]
[Black "Zimmermann, Ulrich1111"]
[Result "0-1"]
[WhiteElo "1620"]
[BlackElo "1801"]
[PlyCount "104"]
[EventDate "2019.11.27"]
[EventType "swiss"]
[EventRounds "9"]
[EventCountry "GER"]
[SourceTitle "EXT 2021"]
[Source "ChessBase"]
[SourceDate "2020.10.23"]
[SourceVersion "1"]
[SourceVersionDate "2020.10.23"]
[SourceQuality "1"]

1. d4 Nf6 2. Nf3 g6 3. Nc3 d6 4. e4 Bg7 5. Be2 c5 6. 0-0 cxd4 7. Nxd4 a6 8. Be3 0-0 9. Nd5 Nbd7 10. Nxf6+ Nxf6 11. Bf3 Rb8 12. c4 Nd7 13. Qd2 Ne5 14. Be2 Bd7 15. b3 Nc6 16. Rad1 Qc8 17. Nf3 Bg4 18. Bh6 Rd8 19. Bxg7 Kxg7 20. Qb2+ Kg8 21. Nd4 Bd7 22. Nf3 h5 23. Qd2 Kg7 24. Qc3+ Kg8 25. Rd5 Bg4 26. Bd1 Bxf3 27. Bxf3 Ne5 28. Rfd1 b5 29. Be2 bxc4 30. bxc4 Qb7 31. h3 Rdc8 32. f4 Nd7 33. Bxh5 Nf6 34. Bxg6 Nxd5 35. Bxf7+ Kxf7 36. Rxd5 Qb1+ 37. Kh2 Qxe4 38. Rd4 Qe6 39. Qf3 Rc5 40. Re4 Qg6 41. Qe2 Qf6 42. Qf3 Rb2 43. Qg4 Rxa2 44. h4 Rc2 45. Re3 Rc3 46. Re4 R3xc4 47. Rxc4 Rxc4 48. Qh5+ Kf8 49. g3 Rc5 50. Qf3 Rc2+ 51. Kh3 Qf5+ 52. g4 Qc8 0-1

[Event "MVP-ch Seniors op 19th"]
[Site "Ostseebad Binz"]
[Date "2019.12.01"]
[Round "5"]
[White "Rosmann, Armin"]
[Black "Freerksen, Uwe"]
[Result "1/2-1/2"]
[WhiteElo "1620"]
[BlackElo "1456"]
[PlyCount "52"]
[EventDate "2019.11.27"]
[EventType "swiss"]
[EventRounds "9"]
[EventCountry "GER"]
[SourceTitle "EXT 2021"]
[Source "ChessBase"]
[SourceDate "2020.10.23"]
[SourceVersion "1"]
[SourceVersionDate "2020.10.23"]
[SourceQuality "1"]

1. d4 d5 2. Nc3 e6 3. Nf3 Nf6 4. Bg5 Nbd7 5. e4 Be7 6. Bd3 h6 7. Bxf6 Nxf6 8. e5 Nh7 9. Bxh7 Rxh7 10. Qd3 g6 11. h4 Rg7 12. Qe3 Rh7 13. g4 a5 14. Qd3 b6 15. h5 Ba6 16. Qe3 g5 17. a4 Kd7 18. Nb5 c6 19. Nd6 Bxd6 20. exd6 f6 21. Kd2 Qb8 22. Qa3 Rh8 23. Rhe1 Re8 24. Re3 Qxd6 25. Qxd6+ Kxd6 26. Rae1 Rab8 1/2-1/2

[Event "MVP-ch Seniors op 18th"]
[Site "Ostseebad Binz"]
[Date "2018.12.03"]
[Round "6"]
[White "Husser, Oskar"]
[Black "Rosmann, Armin"]
[Result "0-1"]
[WhiteElo "1742"]
[BlackElo "1622"]
[PlyCount "72"]
[EventDate "2018.11.28"]
[EventType "swiss"]
[EventRounds "9"]
[EventCountry "GER"]
[SourceTitle "CBM 188 Extra"]
[Source "ChessBase"]
[SourceDate "2019.02.26"]
[SourceVersion "1"]
[SourceVersionDate "2019.02.26"]
[SourceQuality "1"]

1. c4 e5 2. Nc3 Nf6 3. g3 Bb4 4. Bg2 0-0 5. Qb3 Nc6 6. d3 Bxc3+ 7. Qxc3 d5 8. e3 Re8 9. Ne2 Bg4 10. f3 Be6 11. 0-0 Qd7 12. b3 d4 13. Qd2 Rad8 14. e4 Ne7 15. f4 exf4 16. gxf4 Bh3 17. Ng3 Bxg2 18. Qxg2 Ng4 19. Rf3 Ne3 20. Bxe3 dxe3 21. Nh5 Ng6 22. f5 Qxd3 23. fxg6 hxg6 24. Raf1 Qxe4 25. Ng3 Qd4 26. Ne2 Qe4 27. Qg3 Rd7 28. Rf4 Qc2 29. Qf3 f5 30. Qg2 Re6 31. Qf3 Qxa2 32. Nd4 Ree7 33. Nxf5 gxf5 34. Rxf5 Rd6 35. Rf8+ Kh7 36. Qf5+ Rg6+ 0-1

[Event "MVP-ch Seniors op 18th"]
[Site "Ostseebad Binz"]
[Date "2018.12.02"]
[Round "5"]
[White "Rosmann, Armin"]
[Black "Howe, Dietrich"]
[Result "1-0"]
[WhiteElo "1622"]
[BlackElo "1484"]
[PlyCount "91"]
[EventDate "2018.11.28"]
[EventType "swiss"]
[EventRounds "9"]
[EventCountry "GER"]
[SourceTitle "CBM 188 Extra"]
[Source "ChessBase"]
[SourceDate "2019.02.26"]
[SourceVersion "1"]
[SourceVersionDate "2019.02.26"]
[SourceQuality "1"]

1. e4 c5 2. Nf3 e6 3. Nc3 a6 4. d4 cxd4 5. Nxd4 Qc7 6. Bd3 Nf6 7. 0-0 b6 8. Re1 d6 9. a3 Bb7 10. b4 Qxc3 11. Be3 Qc7 12. c4 Nxe4 13. Rc1 Nd7 14. Qg4 Nef6 15. Qh3 Ne5 16. Be2 Rc8 17. f4 Ned7 18. Bf2 Ne4 19. Bh4 Nef6 20. Bd3 g6 21. Nxe6 fxe6 22. Qxe6+ Kd8 23. Bxf6+ Nxf6 24. Qxf6+ Kd7 25. Qxh8 Be7 26. Qxh7 Qd8 27. Rxe7+ Qxe7 28. Qxe7+ Kxe7 29. Bxg6 Rg8 30. f5 Be4 31. f6+ Kxf6 32. Bxe4 Ke5 33. Bd5 Rg7 34. Re1+ Kd4 35. Re6 b5 36. Rxd6 bxc4 37. Bf3+ Kc3 38. Rxa6 Kb3 39. Rc6 c3 40. Bd1+ Ka2 41. Rc5 Rg6 42. b5 Rd6 43. Ba4 Rd2 44. h4 c2 45. Bxc2 Rxc2 46. Rxc2+ 1-0

[Event "MVP-ch Seniors op 18th"]
[Site "Ostseebad Binz"]
[Date "2018.11.30"]
[Round "3"]
[White "Rosmann, Armin"]
[Black "Freerksen, Uwe"]
[Result "1-0"]
[WhiteElo "1622"]
[BlackElo "1487"]
[PlyCount "71"]
[EventDate "2018.11.28"]
[EventType "swiss"]
[EventRounds "9"]
[EventCountry "GER"]
[SourceTitle "CBM 188 Extra"]
[Source "ChessBase"]
[SourceDate "2019.02.26"]
[SourceVersion "1"]
[SourceVersionDate "2019.02.26"]
[SourceQuality "1"]

1. e4 e5 2. Nf3 Nc6 3. Bc4 h6 4. d4 d6 5. 0-0 Nf6 6. Nc3 g6 7. dxe5 Nxe5 8. Nxe5 dxe5 9. Qxd8+ Kxd8 10. Bxf7 g5 11. Be3 Rh7 12. Rad1+ Bd7 13. Bg6 Rg7 14. Bf5 c6 15. Bxd7 Nxd7 16. Rd3 Kc7 17. Ne2 h5 18. Ng3 h4 19. Nf5 Rg6 20. Rfd1 Nc5 21. Bxc5 Bxc5 22. Rd7+ Kb6 23. R1d3 Rh8 24. Rb3+ Ka5 25. Rbxb7 g4 26. b4+ Bxb4 27. Rxa7+ Kb5 28. Rdb7+ Kc5 29. Rh7 Rd8 30. Rhd7 Rh8 31. a3 Bc3 32. Rd3 Bb2 33. Rb7 g3 34. Rxb2 gxh2+ 35. Kxh2 h3 36. Rc3# 1-0

[Event "MVP-ch Seniors op 16th"]
[Site "Binz"]
[Date "2016.11.26"]
[Round "4.73"]
[White "Rosmann, Armin"]
[Black "Walther, Renate"]
[Result "1-0"]
[WhiteElo "1769"]
[BlackElo "1189"]
[PlyCount "135"]
[EventDate "2016.11.23"]
[EventType "swiss"]
[EventRounds "9"]
[EventCountry "GER"]
[SourceTitle "EXT 2018"]
[Source "ChessBase"]
[SourceDate "2017.10.13"]
[SourceVersion "1"]
[SourceVersionDate "2017.10.13"]
[SourceQuality "1"]

1. d4 d5 2. c4 c6 3. Nc3 Nf6 4. e3 Nbd7 5. cxd5 cxd5 6. Nf3 e6 7. Bd3 Be7 8. 0-0 0-0 9. a3 a6 10. Qc2 Qc7 11. Ne2 Qxc2 12. Bxc2 h6 13. Bd2 Ne4 14. Be1 Ndf6 15. Nd2 Nxd2 16. Bxd2 Bd6 17. f4 Ne4 18. Be1 f5 19. Rf3 Bd7 20. Bd3 Bb5 21. Bxb5 axb5 22. b4 Rfc8 23. Nc1 Kf7 24. Nd3 g5 25. fxg5 Nxg5 26. Rf2 Rg8 27. Kh1 Ne4 28. Rc2 b6 29. Ne5+ Bxe5 30. dxe5 Rgd8 31. Rc7+ Kg6 32. Rc6 Re8 33. Rxb6 Ng5 34. Rxb5 Nf7 35. Bc3 Rec8 36. Bd4 Rc2 37. Rc5 Rc4 38. Kg1 f4 39. Rxc4 dxc4 40. exf4 Kf5 41. g3 Ke4 42. Bb2 Rc8 43. Rc1 Kd5 44. Kf2 Ke4 45. Ke2 h5 46. b5 Nh6 47. b6 Kd5 48. a4 Nf5 49. Rd1+ Kc6 50. a5 Kb5 51. Bc3 Ne7 52. Rd6 Nd5 53. b7 Rb8 54. a6 Nc7 55. Rxe6 Nxa6 56. Rh6 Rxb7 57. Rxh5 Nc5 58. e6 Kc6 59. f5 Ne4 60. Bd4 Kd5 61. Bh8 Kd6 62. Rh4 Kd5 63. Rxe4 Kxe4 64. f6 c3 65. e7 Rb2+ 66. Kd1 Rb1+ 67. Kc2 Kd4 68. f7+ 1-0

[Event "Bayern-ch Seniors op 27th"]
[Site "Bergen"]
[Date "2015.06.15"]
[Round "4"]
[White "Rosmann, Armin"]
[Black "Steffl, Herbert"]
[Result "0-1"]
[WhiteElo "1403"]
[BlackElo "1539"]
[PlyCount "148"]
[EventDate "2015.06.15"]
[EventType "swiss"]
[EventRounds "9"]
[EventCountry "GER"]
[SourceTitle "EXT 2019"]
[Source "ChessBase"]
[SourceDate "2018.10.10"]
[SourceVersion "1"]
[SourceVersionDate "2018.10.10"]
[SourceQuality "1"]

1. e4 e6 2. Nf3 b6 3. d4 Bb7 4. Bd3 d6 5. c4 Nd7 6. 0-0 g6 7. Nc3 Bg7 8. Re1 Ne7 9. Bf4 e5 10. dxe5 dxe5 11. Bg5 0-0 12. Bc2 h6 13. Bh4 f6 14. Nd5 g5 15. Bg3 c6 16. Nxe7+ Qxe7 17. h4 Nc5 18. b4 Rad8 19. Qe2 Ne6 20. a3 g4 21. Nd2 Nd4 22. Qd1 Nxc2 23. Qxc2 h5 24. Nf1 Bh6 25. Ne3 Bxe3 26. Rxe3 Rd4 27. Rd1 Rfd8 28. Red3 c5 29. Rxd4 cxd4 30. Qd3 Rc8 31. Rc1 Ba6 32. Qb3 Qf7 33. b5 Bb7 34. Qd3 Rc7 35. f4 gxf3 36. Qxf3 Bc8 37. Rf1 Kg7 38. Kh2 Bg4 39. Qd3 Qxc4 40. Qb1 Be2 41. Re1 d3 42. Qb2 Qc3 43. Rxe2 dxe2 44. Qxe2 Kg6 45. Qf1 Rf7 46. Qf5+ Kh6 47. Qe6 Qc7 48. Qe8 Qe7 49. Qc6 Rg7 50. Qc1+ Kg6 51. Qe3 Qe6 52. Be1 Kf7 53. Qc3 Qd7 54. Qc4+ Kg6 55. Bg3 Qg4 56. Qd3 Rd7 57. Qb3 Kg7 58. Qc4 Rd4 59. Qc7+ Qd7 60. Bxe5 Qxc7 61. Bxc7 Rxe4 62. Bb8 Re7 63. Bd6 Rd7 64. Bb4 Kg6 65. Kg3 Kf5 66. Kf3 Rd5 67. Ke3 Rxb5 68. Kd4 a5 69. Be7 Rb3 70. Kc4 Rg3 71. Bd8 Rxa3 72. Bxb6 Ra4+ 73. Kd3 Rxh4 74. Bxa5 Rg4 0-1

[Event "Bayern-ch op Seniors 26th"]
[Site "Bergen"]
[Date "2014.06.24"]
[Round "4"]
[White "Rosmann, Armin"]
[Black "Rudek, Gerald"]
[Result "1/2-1/2"]
[WhiteElo "1505"]
[BlackElo "1394"]
[PlyCount "103"]
[EventDate "2014.06.21"]
[EventType "swiss"]
[EventRounds "7"]
[EventCountry "GER"]
[SourceTitle "EXT 2018"]
[Source "ChessBase"]
[SourceDate "2017.10.13"]
[SourceVersion "1"]
[SourceVersionDate "2017.10.13"]
[SourceQuality "1"]

1. e4 Nf6 2. e5 Nd5 3. d4 d6 4. Nf3 Bg4 5. Be2 g6 6. h3 Bf5 7. c4 Nb6 8. Nc3 Bg7 9. Bf4 0-0 10. Qd2 Nc6 11. Bh6 dxe5 12. Bxg7 Kxg7 13. d5 Nb4 14. g4 Bc8 15. Nxe5 Qd6 16. Nf3 Na6 17. a3 Nc5 18. b4 Nb3 19. Qb2 Nd4 20. Ne4 Qd8 21. Qxd4+ f6 22. c5 Nd7 23. Nfg5 Nb8 24. Rd1 e5 25. dxe6 Qxd4 26. Rxd4 fxg5 27. e7 Re8 28. Rd8 Kf7 29. Rxe8 Kxe8 30. Nxg5 h6 31. Nf3 Be6 32. Kd2 Kxe7 33. Re1 Kf6 34. Nd4 Bd7 35. b5 c6 36. Bf3 a6 37. b6 a5 38. Kd3 Na6 39. Kc4 Re8 40. Rxe8 Bxe8 41. Nb3 Bf7+ 42. Kc3 Bxb3 43. Kxb3 Nxc5+ 44. Kc4 Nd7 45. Bg2 Nxb6+ 46. Kb3 g5 47. Kc3 Ke5 48. Kd3 Nd7 49. Ke3 a4 50. Kd3 Kd6 51. Ke4 Ke6 52. Kd4 1/2-1/2

[Event "Bayern-ch Seniors 25th"]
[Site "Bergen"]
[Date "2013.06.16"]
[Round "2.27"]
[White "Wolf, Reinhard"]
[Black "Rosmann, Armin"]
[Result "1-0"]
[WhiteElo "1741"]
[BlackElo "1487"]
[PlyCount "63"]
[EventDate "2013.06.15"]
[EventType "swiss"]
[EventRounds "9"]
[EventCountry "GER"]
[SourceTitle "EXT 2022"]
[Source "ChessBase"]
[SourceDate "2021.10.06"]
[SourceVersion "1"]
[SourceVersionDate "2021.10.06"]
[SourceQuality "1"]

1. e4 e5 2. Nf3 d6 3. d4 exd4 4. Nxd4 Nf6 5. Bd3 c5 6. Ne2 Be6 7. Bb5+ Nbd7 8. Nbc3 a6 9. Bxd7+ Nxd7 10. Bf4 Ne5 11. 0-0 Be7 12. Nd5 0-0 13. Nxe7+ Qxe7 14. Nc3 Rad8 15. Bg3 f6 16. b3 b5 17. f4 Nc6 18. Nd5 Qb7 19. c4 Ne7 20. f5 Bf7 21. Qf3 Nxd5 22. exd5 Rfe8 23. Rfe1 Qd7 24. h3 Rxe1+ 25. Rxe1 bxc4 26. bxc4 Qa4 27. Qb3 Qxb3 28. axb3 Rb8 29. Bxd6 Rxb3 30. Bxc5 Rc3 31. Rb1 Bxd5 32. Rb8+ 1-0

[Event "Bayern-ch Seniors 24nd"]
[Site "Bergen"]
[Date "2012.06.22"]
[Round "7"]
[White "Rosmann, Armin"]
[Black "Oser, Thor"]
[Result "1/2-1/2"]
[WhiteElo "1534"]
[BlackElo "1606"]
[PlyCount "36"]
[EventDate "2012.06.16"]
[EventType "swiss"]
[EventRounds "9"]
[EventCountry "GER"]
[SourceTitle "EXT 2015"]
[Source "ChessBase"]
[SourceDate "2014.11.20"]
[SourceVersion "1"]
[SourceVersionDate "2014.11.20"]
[SourceQuality "1"]

1. e4 c5 2. Nf3 Nc6 3. Be2 g6 4. c3 Bg7 5. d4 cxd4 6. cxd4 d6 7. 0-0 Nf6 8. Nc3 0-0 9. d5 Nb8 10. Be3 Nbd7 11. Rc1 a6 12. b4 Ng4 13. Bd4 Bxd4 14. Qxd4 Qb6 15. Qxb6 Nxb6 16. Nd2 Nf6 17. Nd1 Bd7 18. Ne3 Rfc8 1/2-1/2

[Event "Bayern-ch Seniors 24nd"]
[Site "Bergen"]
[Date "2012.06.18"]
[Round "3"]
[White "Rosmann, Armin"]
[Black "Hartlaub, Marianne"]
[Result "1-0"]
[WhiteElo "1534"]
[BlackElo "1321"]
[PlyCount "67"]
[EventDate "2012.06.16"]
[EventType "swiss"]
[EventRounds "9"]
[EventCountry "GER"]
[SourceTitle "EXT 2015"]
[Source "ChessBase"]
[SourceDate "2014.11.20"]
[SourceVersion "1"]
[SourceVersionDate "2014.11.20"]
[SourceQuality "1"]

1. d4 d6 2. e4 Nf6 3. Nc3 c6 4. Bd3 e5 5. Nge2 Qb6 6. Bd2 Bg4 7. Na4 Qc7 8. 0-0 b5 9. dxe5 dxe5 10. Nac3 Bd6 11. f3 Bd7 12. a3 0-0 13. Qe1 a6 14. Qg3 Nh5 15. Qh4 g6 16. Bh6 Ng7 17. Ng3 Be6 18. Qf6 Ne8 19. Qg5 Be7 20. Qd2 Ng7 21. Kh1 Rd8 22. f4 Bc4 23. Qe2 Bxd3 24. cxd3 Nd7 25. f5 Bf8 26. Qf3 Nc5 27. Rad1 Rd7 28. b4 Nb3 29. Rb1 Nd4 30. Qe3 Ne8 31. Bxf8 Kxf8 32. f6 Kg8 33. Rbc1 Nd6 34. Nd5 1-0

[Event "Mittelfranken-chTB2a 1112"]
[Site "Germany"]
[Date "2012.03.25"]
[Round "9.6"]
[White "Rosmann, Armin"]
[Black "Rabenstein, Christian"]
[Result "0-1"]
[WhiteElo "1550"]
[BlackElo "1737"]
[PlyCount "80"]
[EventDate "2011.09.25"]
[EventType "team-tourn"]
[EventRounds "9"]
[EventCountry "GER"]
[SourceTitle "EXT 2018"]
[Source "ChessBase"]
[SourceDate "2017.10.13"]
[SourceVersion "1"]
[SourceVersionDate "2017.10.13"]
[SourceQuality "1"]
[WhiteTeam "Buechenbach/Roth III"]
[BlackTeam "Nuernberg NT V"]
[WhiteTeamCountry "GER"]
[BlackTeamCountry "GER"]

1. d4 Nf6 2. e3 e6 3. Bd3 b6 4. c4 Bb7 5. Nf3 c5 6. 0-0 Be7 7. Nc3 0-0 8. Re1 cxd4 9. exd4 d5 10. cxd5 Nxd5 11. Nxd5 Bxd5 12. Be4 Nc6 13. Bxd5 Qxd5 14. Be3 Bf6 15. Qd2 Rfd8 16. b3 Nxd4 17. Nxd4 Bxd4 18. Rad1 Bxe3 19. Qxd5 Bxf2+ 20. Kxf2 exd5 21. Re5 Kf8 22. Ke3 Rac8 23. Rexd5 Rxd5 24. Rxd5 Rc2 25. Rd2 Rxd2 26. Kxd2 Ke7 27. Ke3 Ke6 28. Ke4 f5+ 29. Kd4 g5 30. g3 a6 31. b4 b5 32. a3 h6 33. h3 h5 34. h4 gxh4 35. gxh4 Kd6 36. Kd3 Kd5 37. Ke3 Ke5 38. Kf3 f4 39. Ke2 Ke4 40. Kf2 f3 0-1

[Event "Bayern-ch Seniors 22nd"]
[Site "Bergen"]
[Date "2010.06.18"]
[Round "7"]
[White "Rosmann, Armin"]
[Black "Scheuerlein, Gerhard"]
[Result "1/2-1/2"]
[WhiteElo "1555"]
[BlackElo "1657"]
[PlyCount "33"]
[EventDate "2010.06.12"]
[EventType "swiss"]
[EventRounds "9"]
[EventCountry "GER"]
[SourceTitle "EXT 2011"]
[Source "ChessBase"]
[SourceDate "2010.11.26"]
[SourceVersion "1"]
[SourceVersionDate "2010.11.26"]
[SourceQuality "1"]

1. d4 Nf6 2. c4 e6 3. e3 d5 4. Bd3 dxc4 5. Bxc4 Bd6 6. Nf3 0-0 7. 0-0 b6 8. Nc3 Ba6 9. b3 Bxc4 10. bxc4 Nbd7 11. Nb5 Bb4 12. Qc2 a6 13. Nc3 Rc8 14. Rd1 Qe7 15. Bb2 Ba3 16. Rd3 Bxb2 17. Qxb2 1/2-1/2

[Event "Bayern-ch Seniors 21st"]
[Site "Bergen"]
[Date "2009.06.28"]
[Round "9"]
[White "Purwin, Heinz"]
[Black "Rosmann, Armin"]
[Result "1/2-1/2"]
[WhiteElo "1537"]
[BlackElo "1564"]
[PlyCount "94"]
[EventDate "2009.06.20"]
[EventType "swiss"]
[EventRounds "9"]
[EventCountry "GER"]
[SourceTitle "EXT 2015"]
[Source "ChessBase"]
[SourceDate "2014.11.20"]
[SourceVersion "1"]
[SourceVersionDate "2014.11.20"]
[SourceQuality "1"]

1. e4 e5 2. Nf3 Nc6 3. Bb5 d6 4. c3 Bd7 5. d3 Nf6 6. Nbd2 Be7 7. Nf1 a6 8. Ba4 0-0 9. Ng3 Ne8 10. 0-0 b5 11. Bb3 Be6 12. Ne1 Na5 13. Bc2 c5 14. f4 exf4 15. Rxf4 Bg5 16. Rf1 Nc6 17. a4 b4 18. d4 cxd4 19. cxd4 Bxc1 20. Rxc1 Qb6 21. Nf3 Bg4 22. Ne2 Bxf3 23. Rxf3 Ne5 24. Rh3 Nf6 25. Kf1 Neg4 26. Qd3 h6 27. Nf4 Rac8 28. Re1 Rfe8 29. Nh5 Rxc2 30. Nxf6+ Nxf6 31. Qxc2 Qxd4 32. Rd3 Qe5 33. g3 Nxe4 34. Red1 Re6 35. Rf3 Ng5 36. Rf5 Qe3 37. Qd3 Qb6 38. g4 Qc6 39. Rd5 Ne4 40. b3 Rf6+ 41. Kg1 Qb6+ 42. Qd4 Qxd4+ 43. R1xd4 Nc3 44. Rxd6 Ne2+ 45. Kg2 Nxd4 46. Rxd4 a5 47. Rd5 Ra6 1/2-1/2